Corremos hacia cuatro metas (entrevista) /
Gorde:
| Egile nagusia: | |
|---|---|
| Formatua: | Texto |
| Gaiak: | |
| Etiketak: |
Etiketa erantsi
Etiketarik gabe, Izan zaitez lehena erregistro honi etiketa jartzen!
|
MARC
| LEADER | 00000 a a2200000 04500 | ||
|---|---|---|---|
| 001 | 7071 | ||
| 003 | |||
| 040 | |||
| 100 | |a Zamora Rivas, Rubén | ||
| 245 | |a Corremos hacia cuatro metas (entrevista) / |c Rubén Zamora Rivas | ||
| 650 | |a ELECCIONES | ||
| 650 | |a POLITICA | ||
| 650 | |a GUERRA CIVIL | ||
| 650 | |a ANALISIS HISTORICO | ||
| 650 | |a PAZ | ||
| 650 | |a PARTIDOS POLITICOS | ||
| 650 | |a SOCIEDAD CIVIL | ||
| 650 | |a ESTADO | ||
| 650 | |a ECONOMIA | ||
| 650 | |a POLITICA ECONOMICA | ||
| 773 | |g volumen 13, número 146; páginas 27-31 | ||
| 999 | |c 32600 |d 32600 | ||
